| 000 -LEADER |
| fixed length control field |
01333cam a22002418i 4500 |
| 003 - CONTROL NUMBER IDENTIFIER |
| control field |
OSt |
| 005 - DATE AND TIME OF LATEST TRANSACTION |
| control field |
20240429195436.0 |
| 008 - FIXED-LENGTH DATA ELEMENTS--GENERAL INFORMATION |
| fixed length control field |
230215s2023 nju b 001 0 eng |
| 020 ## - INTERNATIONAL STANDARD BOOK NUMBER |
| International Standard Book Number |
9781119853374 |
| Qualifying information |
(paperback) |
| 082 00 - DEWEY DECIMAL CLASSIFICATION NUMBER |
| Classification number |
720 |
| Edition number |
23/eng/20230222 |
| Item number |
CHI |
| 100 1# - MAIN ENTRY--PERSONAL NAME |
| Personal name |
Ching, Francis D. K., |
| Dates associated with a name |
1943- |
| Relator term |
author. |
| 245 10 - TITLE STATEMENT |
| Title |
Architecture : |
| Remainder of title |
form, space, & order / |
| Statement of responsibility, etc |
Francis D.K. Ching. |
| 250 ## - EDITION STATEMENT |
| Edition statement |
Fifth edition. |
| 263 ## - PROJECTED PUBLICATION DATE |
| Projected publication date |
2305 |
| 300 ## - PHYSICAL DESCRIPTION |
| Extent |
pages cm |
| 504 ## - BIBLIOGRAPHY, ETC. NOTE |
| Bibliography, etc |
Includes bibliographical references and index. |
| 520 ## - SUMMARY, ETC. |
| Summary, etc |
"For more than forty years, the beautifully illustrated Architecture: Form, Space, and Order has served as the classic introduction to the basic vocabulary of architectural design. The updated and revised Fifth Edition features the fundamental elements of space and form, illustrated with many new precedents and discussions of the latest technology trends. It is designed to encourage critical thought in order to promote a more evocative understanding of architecture"-- |
| 650 #0 - SUBJECT ADDED ENTRY--TOPICAL TERM |
| Topical term or geographic name as entry element |
Architecture |
| General subdivision |
Composition, proportion, etc. |
| 650 #0 - SUBJECT ADDED ENTRY--TOPICAL TERM |
| Topical term or geographic name as entry element |
Space (Architecture) |
| 776 08 - ADDITIONAL PHYSICAL FORM ENTRY |
| Display text |
Online version: |
| Main entry heading |
Ching, Francis D. K., 1943- |
| Title |
Architecture. |
| Edition |
Fifth edition |
| Place, publisher, and date of publication |
Hoboken, New Jersey : Wiley, [2023] |
| International Standard Book Number |
9781119853398 |
| Record control number |
(DLC) 2023007034 |
| 942 ## - ADDED ENTRY ELEMENTS (KOHA) |
| Source of classification or shelving scheme |
|
| 955 ## - COPY-LEVEL INFORMATION (RLIN) |
| Book number/undivided call number, CCAL (RLIN) |
rk11 2023-02-15 |
| Copy status, CST (RLIN) |
rk11 2023-02-15 to Dewey |